00474nam a2200157 a 450000500170000000800410001702000160005805000300007410000180010424500720012226000440019430000210023852100080025965000230026765000260029020140310183436.0080201s19uu xx 00 eng d a81788027106 aTX 911.3.M27b.Sh531 2007 aSharma, Sunil aPlanning and development of tourism and hospitality /cSunil Sharma aNew Delhi :bRajat Publications,c2007. a276 p. :c22 cm. aTOU aTourismxPlanning. aTourismxDevelopment.